|
ห้องสมุด สถาบันวิจัยวลัยรุกขเวช
Walai Library Management - v 6.0
|


|
mysqli: Deadlock found when trying to get lock; try restarting transaction
DELETE FROM stat_globaluid
WHERE id NOT IN (
SELECT id
FROM (
SELECT id
FROM stat_globaluid
ORDER BY id DESC
LIMIT 100
) foo
);
| LEADER 00000nam 2200000uu 4500 |
| 001 13399109874 |
| 003 Co-UlibM |
| 008 020711s1966 th a 000 0 tha d |
| 099 ^aJ 262 |
| 245 natural history bulletin |
| 260 ^bม.ป.ท.,^c1966 |
| 945 ^p0^l0^i6001718 |
| 999 ^aadmin |
| คุณยังไม่ได้ล็อกอิน คุณสามารถมีกิจกรรมร่วมกับเว็บไซต์ได้ แต่ต้องล็อกอินก่อน :: |
|
| ลำดับที่ |
ประเภท |
เลขเรียก/บาร์โค้ด |
สถานที่ |
สถานะ |
| 1. |
 หนังสือ | J 262 1966 c.1 Barcode: 6001718 | หนังสือทั่วไป | On Shelf |
| [แสดง 1/1 รายการ] |
รายการใกล้เคียง
ชื่อเรื่อง [natural history bulletin]
|
|
ยังไม่เคยถูกคอมเมนท์
|
| คอมเมนท์ทรัพยากรรายการนี้ |
|